| 000 | 00620nam a2200217 a 4500 | ||
|---|---|---|---|
| 005 | 20240316063855.0 | ||
| 008 | 991125 mx 000 0 spa u | ||
| 020 | _a970611307X | ||
| 035 | _aUPN01000024296 | ||
| 049 | _aI | ||
| 050 | 4 | _aPZ8.7 D5.128 | |
| 100 | 1 |
_aDisney, Walt, _d1901-1966 |
|
| 245 | 1 | 0 |
_aFebrero / _ctr. Jorge Anaya Roa |
| 260 |
_aMéxico : _bGrolier : _bSalvat, |
||
| 300 |
_a53 p. : _bil., col |
||
| 440 | 3 | _aUn cuento para cada día | |
| 534 |
_pTraducción de: _tStory a day : winter |
||
| 650 | 2 |
_aCuentos de aventuras _99134 |
|
| 650 | 4 | _aLITERATURA DE ENTRETENIMIENTO | |
| 905 | _aInfantil | ||
| 999 |
_c24296 _d24296 |
||